Eine verschwiegene Realität

Titel: Eine verschwiegene Realität
Verfasser:
In: Seliger-Gemeinde: Sudeten-Jahrbuch der Seliger-Gemeinde, Band 49 (2000), Seite 61-64
alle Artikel anzeigen
Veröffentlicht: 2000 [1999]
Format: Aufsatz
Sprache: Deutsch
Kein Bild verfügbar
X
alg: 39153384
001A    $01999:11-11-16 
001B    $01999:23-03-21 $t21:44:09.000 
001D    $01999:11-11-16 
001U    $0utf8 
001X    $00 
002@    $0Aox 
003@    $0391533843 
007A    $0391533843 $aHEB 
007T    $0Herd48135 
010@    $ager 
011@    $a2000 $n2000 [1999] 
021A    $aEine @verschwiegene Realität 
028A    $aHaas $dJosef 
031A    $d49 $h61-64 $j2000 
037A    $aBetrifft sudetendeutschen Widerstand 1938-1945 
039B    $aIn $8--Abvc--Seliger-Gemeinde [Tb1]. Sudeten-Jahrbuch der Seliger-Gemeinde. - München : Die Brücke, 1952-2003 $x200000000490000939 $9047713011 
045F    $a900.9437109043 $eDDC23BSB 
045F/01 $a900 
045F/03 $f09043 
045F/03 $f09044 
045F/03 $g4371 

lok: 39153384 78

exp: 39153384 78 1 #EPN
201B/01 $026-11-17 $t00:41:49.000 
201U/01 $0utf8 
203@/01 $078762800X 
208@/01 $a11-11-16 $be 
209A/01 $a/ $f000 $x00 
220C/01 $aTitelaufnehmer: rb 
244Z/01 $#Tschechien $#Tschechische Republik $#Tschechische Republik $#Tschechenland $#Tschechei Tschechien $#Česká Republika $#Czech Republic $#ČR $74303381-7 $8--Tg1--Tschechien $x01 $9086659812 
244Z/01 $2Trx $#Böhmen $#Bohemia $#Czechy $8--Trx--Čechy $x02 $9391188941 
244Z/01 $aGeschichte 1938-1945 $x03 
244Z/01 $2Trx $#sudeedisakslased $#Sudetų vokiečiai $#Sudeto-Germans $#szudéta német $#Niemcy Sudeccy $#Nemci sudetskí $#Němci sudetští $8--Trx--Sudetendeutsche $x04 $9391356666 
244Z/01 $2Trx $#sotsiaaldemokraadid $#socialdemokratai $#social democrats $#szociáldemokraták $#socjaldemokraci $#sociálni demokrati $#sociální demokraté $8--Trx--Sozialdemokraten $x05 $939135826X 
244Z/01 $2Trx $#vastupanu, antifašistlik $#antifašistinis pasipriešinimas $#resistance, anti-Fascist $#ellenállás, antifasiszta $#ruch oporu i opozycja antyhitlerowska $#odboj, protifašistický $#odboj, protifašistický $#Antifaschismus $#opozycja antyhitlerowska $#antifašizmus $8--Trx--Widerstand, antifaschistischer $x06 $9391377604 
244Z/01 $2Trx $8--Trx--Zeitschriftenaufsatz $x07 $9391384341 
245Z/01 $a06.04.03 $x01 
247C/01 $82080>Marburg/Lahn, Herder-Institut, Forschungsbibliothek, Bibliographieportal $9336309341
LEADER 00000caa a22000002c 4500
001 391533843
003 DE-603
005 20210323214409.0
007 tu
008 161111s2000 xx |||| | u00||u|ger c
035 |a (DE-599)HEB391533843 
040 |a DE-603  |b ger  |c DE-603  |d DE-603 
041 |a ger 
082 0 4 |8 1\u  |a 900.9437109043  |q DE-101  |2 23/BSB 
085 |8 1\u  |b 900 
085 |8 1\u  |z 1  |s 09043 
085 |8 1\u  |z 1  |s 09044 
085 |8 1\u  |z 2  |s 4371 
100 1 |a Haas, Josef 
245 0 0 |a ˜Eineœ verschwiegene Realität 
264 0 |c 2000 [1999] 
500 |a Betrifft sudetendeutschen Widerstand 1938-1945 
773 0 8 |i In  |a Seliger-Gemeinde  |t Sudeten-Jahrbuch der Seliger-Gemeinde  |d München : Die Brücke, 1952-2003  |h 21 cm  |g Band 49 (2000), Seite 61-64  |w (DE-603)047713011  |w (DE-600)511910-8 
924 0 |9 2080  |a (DE-603)78762800X  |b DE-2080  |c HES  |d d  |g /